000 00648nam a2200193Ia 4500
008 240729s9999 xx 000 0 und d
022 _a2210-8505
245 0 _aJournal of Risk Analysis and Crisis Response (JRACR)
260 _aChina
260 _bSociety for Risk Analysis - China
650 _a Engineering (General). Civil engineering (General) | Social Sciences
650 _a Industries. Land use. Labor
650 _a Management. Industrial management
650 _a Risk in industry. Risk management
650 _aTechnology
856 _uhttps://doaj.org/toc/c358a3b666174cc8b410554e59abc765
942 _2ddc
942 _cDOAJEJ
999 _c72813
_d72813
945 _a1
_bMadushi Gamage
_c1
_dMadushi Gamage